000 00366nam a2200133Ia 4500
008 151001s9999||||xx |||||||||||||| ||und||
100 _aमुक्ता केणेकर
245 _aआईची मुलाखत
250 _a1
260 _bसंजय प्रकाशन पुणे
260 _c1976
300 _a82
365 _b18
999 _c962366
_d962363